EMPIRE OF THE SIKHS THE LIFE AND TIMES OF MAHARAJA RANJIT SINGH VOL-3 (Record no. 221262)

MARC details
000 -LEADER
fixed length control field 00372nam a2200133Ia 4500
008 - FIXED-LENGTH DATA ELEMENTS--GENERAL INFORMATION
fixed length control field 250520s9999 xx 000 0 und d
020 ## - INTERNATIONAL STANDARD BOOK NUMBER
International Standard Book Number 9780720614831
100 ## - MAIN ENTRY--PERSONAL NAME
Personal name SINGH, PATWANT
245 #0 - TITLE STATEMENT
Title EMPIRE OF THE SIKHS THE LIFE AND TIMES OF MAHARAJA RANJIT SINGH VOL-3
260 ## - PUBLICATION, DISTRIBUTION, ETC.
Name of publisher, distributor, etc. PETER OWEN PUBLISHERS, LONDON
Date of publication, distribution, etc. 2013
300 ## - PHYSICAL DESCRIPTION
Extent 319
650 ## - SUBJECT ADDED ENTRY--TOPICAL TERM
Topical term or geographic name entry element General
942 ## - ADDED ENTRY ELEMENTS (KOHA)
Koha item type Book
Holdings
Withdrawn status Lost status Damaged status Not for loan Home library Current library Shelving location Date acquired Barcode Date last seen Price effective from Koha item type
        Mewar University Central Library Mewar University Central Library Donated 20/05/2025 DN10538 20/05/2025 20/05/2025 Book